000
00312nam a2200133Ia 4500
005
20251222144805.0
008
251222s9999||||xx |||||||||||||| ||spa||
020
_a
85-271-0014-2
082
_a
868.93/N64P
100
_a
Nitrini, Sandra
245
0
_a
Poéticas en Confronto:
264
_b
HUCITEC
942
_c
LIB
999
_c
19865
_d
19865